书目信息 |
| 题名: |
欧几里得原理十三本书
|
|
| 作者: | 欧几里得 著 | |
| 分册: | 第3卷 | |
| 出版信息: | 北京 世界图书出版公司北京公司 2015.5 |
|
| 页数: | 554页 | |
| 开本: | 23cm | |
| 丛书名: | ||
| 单 册: | ||
| 中图分类: | O181 | |
| 科图分类: | ||
| 主题词: | 欧氏几何--英文 | |
| 电子资源: | ||
| ISBN: | 978-7-5100-9410-1 | |
| 000 | 01067nam0 2200265 450 | |
| 001 | 0400001851 | |
| 005 | 20171025153949.98 | |
| 010 | @a978-7-5100-9410-1@dCNY80.00 | |
| 100 | @a20160406e2015 em y0chiy50 ea | |
| 101 | 0 | @aeng |
| 102 | @aCN@b110000 | |
| 105 | @ay z 001yy | |
| 106 | @ar | |
| 200 | 1 | @a欧几里得原理十三本书@9ou ji li de yuan li shi san ben shu@h第3卷@b专著@dThe thirteen books of euclid''s elements@hⅢ@f(古希腊)欧几里得(Euclid)[著]@zeng |
| 205 | @a影印本 | |
| 210 | @a北京@c世界图书出版公司北京公司@d2015.5 | |
| 215 | @a554页@d23cm | |
| 304 | @a200字段中文信息取自版权页 | |
| 330 | @a本书是欧几里得数学思想研究的历史总结,每章节都作了详细的注释,包括每个定义、假设命题等都进行分析和讨论,反驳与支持,推断和解读。本书也对欧几里得历史笔记中的文字和语言问题作了说明和介绍。 | |
| 510 | 1 | @aThirteen books of euclid''s elements@hⅢ@zeng |
| 606 | 0 | @a欧氏几何@j英文 |
| 690 | @aO181@v5 | |
| 701 | 0 | @c(古希腊)@a欧几里得@9ou ji li de@c(Euclid@f约公元前330~前275)@4著 |
| 801 | 0 | @aCN@b91MARC@c20171019 |
| 905 | @b1025776-80@dO181@f5@e13:3 | |
| 欧几里得原理十三本书.第3卷=The thirteen books of euclid''s elements.Ⅲ/(古希腊)欧几里得(Euclid)[著].-影印本.-北京:世界图书出版公司北京公司,2015.5 |
| 554页;23cm |
| ISBN 978-7-5100-9410-1:CNY80.00 |
| 本书是欧几里得数学思想研究的历史总结,每章节都作了详细的注释,包括每个定义、假设命题等都进行分析和讨论,反驳与支持,推断和解读。本书也对欧几里得历史笔记中的文字和语言问题作了说明和介绍。 |
| ● |
| 相关链接 |
|
|
|
|
正题名:欧几里得原理十三本书
索取号:O181/13:3
 
预约/预借
| 序号 | 登录号 | 条形码 | 馆藏地/架位号 | 状态 | 备注 |
| 1 | 1025776 | 210257764 | 第二样本阅览室/ [索取号:O181/13:3] | 在馆 | |
| 2 | 1025777 | 210257773 | 密集书库-数信学院/ [索取号:O181/13:3] | 在馆 | |
| 3 | 1025778 | 210257782 | 第三借阅区/ [索取号:O181/13:3] | 在馆 | |
| 4 | 1025779 | 210257791 | 第三借阅区/ [索取号:O181/13:3] | 在馆 | |
| 5 | 1025780 | 210257808 | 第三借阅区/ [索取号:O181/13:3] | 在馆 |